000 00388pab a2200169 454500
008 180718b2004 xxu||||| |||| 00| 0 eng d
100 _aMehta, S.S.
245 _aCorruption in India - an overview
260 _c2004
300 _ap.8-19.
362 _aJun
650 _aCorruption - India
650 _aCorruption
700 _aShah, Zankhana
773 _aNirnay
909 _a62246
999 _c62246
_d62246